000 00643cam a22002293a 4500
001 38005
003 PGUSA
005 20140828083832.0
008 111113s2011||||xxu|||||s|||||000 | eng d
040 _aPGUSA
_beng
042 _adc
100 1 _aCouperus, Louis,
_d1863-1923
245 1 0 _aPsyche
_h[electronic resource] /
_cLouis Couperus
260 _bProject Gutenberg,
_c2011
506 _aPublic domain in the USA.
516 _aElectronic text
700 1 _aCalthrop, Dion Clayton,
_d1878-1937
700 1 _aBerrington, B. S.
830 0 _aProject Gutenberg
_v38005
856 4 0 _uhttp://www.gutenberg.org/ebooks/38005
942 _cEB
999 _c267259
_d267259